| 000 | 00662nam a2200205 i 4500 | ||
|---|---|---|---|
| 001 | 74209 | ||
| 003 | ES-MaACL | ||
| 005 | 20230906172043.0 | ||
| 007 | t| | ||
| 008 | 040916s1978 sp ||||1| spa d | ||
| 100 | 1 |
_aGonzález Echegaray, Joaquín. _958609 |
|
| 245 | 1 | 0 |
_aVida y muerte en Cueva Morín / _cJoaquín González Echegaray, L. G. Freeman. |
| 260 |
_aSantander : _bInstitución Cultural de Cantabria, _c1978. |
||
| 300 |
_a357 p., 16 lám. : _bil. ; _c19 cm. |
||
| 490 | 1 | _aColección de bolsillo | |
| 700 | 1 |
_aFreeman, L. G. _952433 |
|
| 830 | 0 |
_aColección de bolsillo _9177598 |
|
| 852 |
_aES-MaACL _jA-9653 _bR.98791 |
||
| 999 |
_c74209 _d74209 |
||